|
|
|
|
| LEADER |
00867nam a22002538a 4500 |
| 001 |
00042902 |
| 005 |
20181026101037.0 |
| 008 |
171101s2017####-vm#################vie|d |
| 020 |
# |
# |
|c 17000
|a 978 604 57 4099 6
|
| 041 |
0 |
# |
|a Vie
|
| 082 |
# |
# |
|a 346.597 044
|b L504Đ
|
| 110 |
1 |
# |
|a Việt Nam (CHXHCN) Luật lệ và sắc lệnh
|
| 245 |
1 |
0 |
|a Luật đo đạc và bản đồ
|
| 260 |
# |
# |
|b Chính trị Quốc gia - Sự thật
|c 2018
|a Hà Nội
|
| 300 |
# |
# |
|a 76 tr.
|c 19 cm.
|
| 653 |
# |
# |
|a Ban hành văn bản
|
| 653 |
# |
# |
|a Luật đo đạc và bản đồ
|
| 653 |
# |
# |
|a Pháp luật
|
| 653 |
# |
# |
|a Việt Nam
|
| 653 |
# |
# |
|a Văn bản pháp luật
|
| 852 |
# |
# |
|j KD.0024862
|j KM.0024317
|j KM.0024316
|
| 910 |
0 |
# |
|d 26/10/2018
|
| 980 |
# |
# |
|a Trung tâm Học liệu Lê Vũ Hùng, Trường Đại học Đồng Tháp
|